1187 1803 1000 1942 1587 1049 1765 1244 1608 1059 1345 1908 1885 1010 1127 1252 1224 1394 1589 1584 1897 1574 1172 1531 1603 1551 1169 1651 1081 1366 1086 1524 1672 1536 1253 1435 1753 1812 1827 1706 1933 1378 1716 1155 1691 1006 1138 1088 1448 1070 1744 1853 1515 1421 1006 1772 1384 1040 1178 1897 1717 1646 1433 1665 1359 1583 1241 1599 1099 1098 1147 1044 1019 1631 1280 1066 1430 1852 1448 1745 1251 1909 1764 1249 1528 1969 1217 1207 1097 1434 1366 1374 1213 1660 1742 1468 1733 1486 1885 BCNSPRNW ULIB Ver.6.0+V

เปลี่ยนเป็นภาษาไทย

Change to English
 แสดงรายละเอียดบรรณานุกรม
  กลับหน้าหลัก

Brief Record : Get Marc (ISO 2709) : E-mail record : QR code < ปิดหน้าต่าง
LEADER : 00000nam 2200000uu 4500
001    13399127081
003     ULIB
008    020711s2562 th a 000 0 tha d
020    ^a9786160444427
060    ^aWS103^bM-พ
100    ^aMINHAE
245    ^aพระราชากับเมืองไร้แรง ชุดนิทานวิทยาศาสตร์พัฒนาทักษะสมอง EF (เรียนรู้เรื่องแรง)
250    ^aพิมพ์ครั้งที่ 1
260    ^aกรุงเทพฯ :^bนานมีบุ๊คส์คิดดี้,^c2562
300    ^a28 หน้า;^b21 ซม.
650    ^aเด็ก^xการเรียนการสอน
945    ^p98^l0^i006269
999    ^aประนอม เกษจรัล
รายการนี้ยังไม่มีแท็ก
คุณยังไม่ได้ล็อกอิน คุณสามารถมีกิจกรรมร่วมกับเว็บไซต์ได้ แต่ต้องล็อกอินก่อน ::
  ล็อกอิน

รายการสื่อสารสนเทศ

ลำดับที่ ประเภท เลขเรียก/บาร์โค้ด สถานที่ สถานะ
1. วิทยาศาสตร์การแพทย์ และสุขภาพ
วิทยาศาสตร์การแพทย์ และสุขภาพ
WS103 M-พ ฉ.1 
  Barcode: 006269
ห้องสมุดวิทยาเขตสวรรค์ประชารักษ์
►หนังสือทั่วไป
บนชั้น

รายการใกล้เคียง
    ผู้แต่ง [MINHAE]

BibComment


ยังไม่เคยถูกคอมเมนท์

คอมเมนท์ทรัพยากรรายการนี้
  คอมเมนท์: พระราชากับเมืองไ..


 Copyright 2026. Bcnsprnw @Library